000 00929nam2a22002651 4500
001 2578862
005 20250622230347.0
021 _aRU
_b81-3977ж
035 _a(NLR Aleph) 006461908
090 _a5845087
_c5845087
100 _a20110316d1981 |||y0rusy50 ca
101 0 _arus
102 _aRU
105 _ay z |||||
200 0 _aВып. 6 ... в 1979 г.
_fСост. Ю.А. Калика
210 _d1981
_aБ. м.
215 _a114 с.
320 _aУказ. автореф., авт. и загл. работ, опис. не на авт.: с. 105-114
461 0 _10012578856
_12001#$aМарксистско-ленинская этика$eУказ. лит., изд. в СССР на рус. яз. ...$fАН СССР, ИНИОН$vВып. 6 ... в 1979 г.
702 1 _aКалика
_bЮ.А.
_4220
801 0 _aRU
_bNLR
_gpsbo
801 1 _aRU
_bELAR
_2rusmarc
852 _aNLR
_jDesideratum
942 _cBOOK
980 _aNB